Score 0/32 Timer 06:00
2 Plays Today
% Correct
RTHQ
82.3%
CKKN
80.7%
NCHR
79.6%
NSTR
79.5%
LLBL
78.8%
NDSH
76.5%
LKSH
72.8%
RTHW
72%
RTHL
71.2%
CKSH
70.8%
TSTR
69.4%
CKST
68.1%
CKWH
68%
RKSH
64.8%
PSTR
64.4%
NDTR
64.4%
% Correct
LLST
63.9%
FFSH
63%
NTHR
62.5%
CKFL
62.2%
TCHT
62.1%
NCHM
60.2%
TCHB
60.1%
NCHW
59.9%
RCHG
59%
GHTS
57.8%
RSTR
57.8%
NGST
56.9%
RDBR
56.6%
NTHL
55.1%
RSTH
50.2%
TCHK
43.6%
Remove Ads.
Support Sporcle.
Get the best of Sporcle when you Go Orange. This ad-free experience offers more features, more stats, and more fun while also helping to support Sporcle. Thank you for becoming a member.

You're not logged in!

Compare scores with friends on all Sporcle quizzes.
OR
Log In

Show Comments

Extras

Top Quizzes Today


Score Distribution

Your Account Isn't Verified!

In order to create a playlist on Sporcle, you need to verify the email address you used during registration. Go to your Sporcle Settings to finish the process.

Report this User

Report this user for behavior that violates our Community Guidelines.

Details: